书目信息 |
| 题名: |
法兰西教堂
|
|
| 作者: | 罗丹, 著 ;杨汝生 , 高发明 译 | |
| 分册: | ||
| 出版信息: | 北京 人民日报出版社 2001.07 |
|
| 页数: | 194页 | |
| 开本: | 21cm | |
| 丛书名: | 世界名家名著文库 | |
| 单 册: | ||
| 中图分类: | J19 | |
| 科图分类: | ||
| 主题词: | 基督教--教堂--建筑艺术--法国--近代 , 基督教--宗教艺术--研究--法国--近代 | |
| 电子资源: | ||
| ISBN: | 7-80153-428-X | |
| 000 | 00957nam 2200277 450 | |
| 001 | 192004001579 | |
| 005 | 20070913100647.71 | |
| 010 | @a7-80153-428-X@dCNY12.00 | |
| 100 | @a20070531d2001 ekmy0chiy0121 ea | |
| 101 | 1 | @achi@cfre |
| 102 | @aCN@b110000 | |
| 105 | @ay z 000yy | |
| 200 | 1 | @a法兰西教堂@Afa lan xi jiao tang@f(法) 奥古斯特·罗丹著@g杨汝生, 高发明译 |
| 210 | @a北京@c人民日报出版社@d2001.07 | |
| 215 | @a194页@d21cm | |
| 225 | 2 | @a世界名家名著文库@Ashi jie ming jia ming zhu wen ku |
| 330 | @a本书不是一部学术著作,与不是一部考古学和建筑学论著,而是法国大雕塑家奥古斯特·罗丹在考察法兰西教堂时所做的笔记。 | |
| 410 | 0 | @12001 @a世界名家名著文库 |
| 606 | 0 | @a基督教@x教堂@x建筑艺术@y法国@z近代 |
| 606 | 0 | @a基督教@x宗教艺术@x研究@y法国@z近代 |
| 690 | @aJ19@v4 | |
| 701 | 1 | @a罗丹,@Aluo dan,@e法@4著 |
| 702 | 0 | @a杨汝生@Ayang ru sheng@4译 |
| 702 | 0 | @a高发明@Agao fa ming@4译 |
| 801 | 2 | @aCN@c20070913 |
| 905 | @dJ19@eL935 | |
| 法兰西教堂/(法) 奥古斯特·罗丹著/杨汝生, 高发明译.-北京:人民日报出版社,2001.07 |
| 194页;21cm.-(世界名家名著文库) |
| ISBN 7-80153-428-X:CNY12.00 |
| 本书不是一部学术著作,与不是一部考古学和建筑学论著,而是法国大雕塑家奥古斯特·罗丹在考察法兰西教堂时所做的笔记。 |
| ● |
| 相关链接 |
|
|
|
正题名:法兰西教堂
索取号:J19/L935
 
预约/预借
| 序号 | 登录号 | 条形码 | 馆藏地/架位号 | 状态 | 备注 |
| 1 | 622581 | 206225814 | 社科库309/309社科库 66排4列6层/ [索取号:J19/L935] | 在馆 | |
| 2 | 622582 | 206225823 | 社科库309/309社科库 66排4列6层/ [索取号:J19/L935] | 在馆 | |
| 3 | 622583 | 206225832 | 社科库309/309社科库 66排4列6层/ [索取号:J19/L935] | 在馆 |